Music Quiz

Random Music or Kpop Quiz

Match the 'P' song with artist (title tracks only!) Quiz Stats

 Plays Quiz not verified by Sporcle

Challenge
Share
Tweet
Embed
Score 0/21 Timer 10:00
0 Plays Today
% Correct
Black Pink
95.4%
SNSD
87.6%
CLC
83.1%
Mamamoo
81.9%
Highlight
78.5%
Playback
76.9%
2PM
75.4%
f(x)
72.2%
Sistar
71.7%
B.A.P
66.3%
FTIsland
65.4%
% Correct
Secret
64.4%
Shinhwa
63.7%
Infinite
63%
Cross Gene
56.5%
History
54.3%
Ladies' Code
51.3%
APink
50.4%
U-Kiss
48.9%
Bestie
46.3%
Spica
40.6%

You're not logged in!

Compare scores with friends on all Sporcle quizzes.
OR
Log In

You Might Also Like...

Show Comments

Extras

Created Mar 23, 2017ReportNominate
Tags:Kpop Quiz, Kpop Quiz

Top Quizzes Today


Score Distribution

Your Account Isn't Verified!

In order to create a playlist on Sporcle, you need to verify the email address you used during registration. Go to your Sporcle Settings to finish the process.

Report this User

Report this user for behavior that violates our Community Guidelines.

Details: